000 00498nam a2200169Ia 4500
008 110201s9999 xx 000 0 und d
082 _bB3874
_aK 1640
100 _aरानडे जयंत
245 _aरत्नप्रभा
260 _bपुजा प्रकाशन
365 _b10
600 _aरानडे जयंत
630 _aरत्नप्रभा
700 _aरानडे जयंत
730 _aरत्नप्रभा
942 _cBOOK
999 _c830416
_d830413